| 000 -ლიდერი |
| ფიქსირებული სიგრძის საკონტროლო ველი |
02642nam a22002657a 4500 |
| 003 - საკონტროლო ნომრის იდენტიფიკატორი |
| საკონტროლო ველი |
Ge_BSU |
| 005 - ბოლო ოპერაციის თარიღი და დრო |
| საკონტროლო ველი |
20250130143510.0 |
| 008 - ფიქსირებული სიგრძის მონაცემთა ელემენტები - ზოგადი ინფორმაცია |
| ფიქსირებული სიგრძის საკონტროლო ველი |
250130s2021 ge ||||| |||| 00| 0 geo d |
| 020 ## - წიგნის საერთაშორისო სტანდარტული ნომერი |
| International Standard Book Number |
9789941838248 |
| 041 ## - ენის კოდი |
| Language code of text/sound track or separate title |
geo |
| 080 ## - უნივერსალური ათობითი კლასიფიკაციის ინდექსი |
| Universal Decimal Classification number |
633.11(479.22)(09) + 392(=353.1) ს-15 |
| 100 ## - მთავარი ჩანაწერი - პიროვნების სახელი |
| Personal name |
სადუნიშვილი, თინათინ |
| 9 (RLIN) |
24189 |
| 245 ## - ცნობა სათაურის შესახებ |
| Title |
საქართველოს აგრარული კულტურა : |
| Remainder of title |
[მონოგრაფია] / |
| Statement of responsibility, etc |
თინათინ სადუნიშვილი, ინეზა მაისაია, ქეთევან ბაცაცაშვილი [და სხვა]; რედაქტორი გიორგი კვესიტაძე; ფოტოილუსტრაციები: თენგიზ ალფენიძის, ნინო ერაძის, ელდარ ნადირაძის, სოფო მეტრეველის; საქართველოს მეცნიერებათა ეროვნული აკადემია, ილიას სახელმწ. უნივერსიტეტის ბოტანიკის ინსტიტუტი, საქართველოს ეროვნული ბოტანიკური ბაღი. |
| 264 ## - წარმოების, გამოცემის, დისტრიბუციის და სხვა ცნობები |
| გამოცემის, წარმოების, დისტრიბუციის... ადგილი |
თბილისი : |
| გამოცემის, წარმოების, დისტრიბუციის... სახელწოდება |
საქართველოს მეცნიერებათა ეროვნული აკადემია, |
| გამოცემის, წარმოების, დისტრიბუციის... თარიღი |
2021. |
| 300 ## - ფიზიკური აღწერა |
| Extent |
414 გვ. : |
| Other physical details |
ფოტოილ. ; |
| Dimensions |
29 სმ. |
| 700 ## - ADDED ENTRY--PERSONAL NAME |
| Personal name |
სადუნიშვილი, თინათინ |
| Relator term |
ავტორი |
| 9 (RLIN) |
24189 |
| 700 ## - ADDED ENTRY--PERSONAL NAME |
| Personal name |
მაისაია, ინეზა |
| Relator term |
ავტორი |
| 9 (RLIN) |
24190 |
| 700 ## - ADDED ENTRY--PERSONAL NAME |
| Personal name |
ბაცაცაშვილი, ქეთევან |
| Relator term |
ავტორი |
| 9 (RLIN) |
24191 |
| 700 ## - ADDED ENTRY--PERSONAL NAME |
| Personal name |
სიხარულიძე, შალვა |
| Relator term |
ავტორი |
| 9 (RLIN) |
24192 |
| 700 ## - ADDED ENTRY--PERSONAL NAME |
| Personal name |
დარჩიძე, თამაზ |
| Relator term |
ავტორი |
| 9 (RLIN) |
19287 |
| 700 ## - ADDED ENTRY--PERSONAL NAME |
| Personal name |
კვესიტაძე, გიორგი |
| Relator term |
რედაქტორი |
| 9 (RLIN) |
24193 |
| 700 ## - ADDED ENTRY--PERSONAL NAME |
| Personal name |
ალფენიძე, თენგიზ და სხვ. |
| Relator term |
ფოტოგრაფი |
| 9 (RLIN) |
24194 |
| 710 ## - ADDED ENTRY--CORPORATE NAME |
| Corporate name or jurisdiction name as entry element |
საქართველოს მეცნიერებათა ეროვნული აკადემია. |
| Subordinate unit |
ილიას სახელმწ. უნივერსიტეტი. ბოტანიკის ინსტიტუტი. საქართველოს ეროვნული ბოტანიკური ბაღი. |
| 9 (RLIN) |
24195 |
| 942 ## - ADDED ENTRY ELEMENTS (KOHA) |
| Source of classification or shelving scheme |
|
| Koha item type |
წიგნი |